| 000 | 00545nam a2200145Ia 4500 | ||
|---|---|---|---|
| 008 | 140724s9999 xx 000 0 und d | ||
| 050 |
_aLC 4713 _b.C512 2012 |
||
| 100 | _aChavez, Chirstopher G. | ||
| 245 |
_aStrategies employed by special education teachers in dealing with behavior problems of students with ADHD / _cChristopher G. Chavez. |
||
| 260 |
_aLas PiƱas, Philippines : _bSouthville International School and Colleges, _cc2012. |
||
| 300 |
_a79 p. : _bill. ; _c28 cm. |
||
| 521 | _aSpecial Education | ||
| 942 | _cTH | ||
| 999 |
_c228654 _d228654 |
||